[Event "Rochefort Master 2018"]
[Site "Palais des Congrès de Rochefort"]
[Date "2018.02.17"]
[Round "3.15"]
[White "Lemeaux, David"]
[Black "Niraj, Saripalli"]
[Result "1/2-1/2"]
[WhiteElo "2306"]
[BlackElo "2083"]
[PlyCount "53"]
[EventDate "2018.02.18"]
[WhiteTeam "AGJA-Echiquier Aquitaine"]

1. d4 d5 2. c4 c6 3. Nf3 e6 4. Qc2 Bd6 5. g3 dxc4 6. Qxc4 b5 7. Qc2 Bb7 8. Bg2
Nd7 9. O-O Rc8 10. Nc3 Ngf6 11. Bf4 Bxf4 12. gxf4 O-O 13. Ne5 Qb6 14. Ne4 Nxe5
15. dxe5 Nxe4 16. Bxe4 g6 17. Rfd1 c5 18. Bxb7 Qxb7 19. Rd6 c4 20. a3 a5 21.
Qd2 b4 22. axb4 axb4 23. Rc1 Qb5 24. e3 Qc5 25. Qd4 c3 26. bxc3 bxc3 27. Qxc5
1/2-1/2

[Event "Rochefort Master 2018"]
[Site "Palais des Congrès de Rochefort"]
[Date "2018.02.17"]
[Round "4.6"]
[White "Gascon Del Nogal, Jose Rafael"]
[Black "Ider, Borya"]
[Result "1-0"]
[WhiteElo "2477"]
[BlackElo "2514"]
[PlyCount "69"]
[EventDate "2018.02.18"]
[BlackTeam "Mulhouse Philidor"]

1. e4 e6 2. d4 d5 3. Nc3 Bb4 4. e5 Qd7 5. Qg4 Bf8 6. Bg5 b6 7. f4 Ba6 8. Bxa6
Nxa6 9. Nge2 g6 10. a3 Be7 11. O-O O-O-O 12. b4 h6 13. Bxe7 Nxe7 14. b5 Nb8 15.
a4 Nf5 16. Qf3 g5 17. a5 Rhg8 18. axb6 cxb6 19. Qd3 Qe7 20. fxg5 Rxg5 21. Nf4
Rdg8 22. Nce2 Kd8 23. Qa3 Nd7 24. g3 h5 25. Qxa7 Qb4 26. Qa8+ Ke7 27. Qxd5 Ne3
28. Qf3 Nxf1 29. Rxf1 Qxb5 30. Nxh5 Rf5 31. Nef4 Qc4 32. Qa3+ Ke8 33. Qa8+ Ke7
34. Qxg8 Qxc2 35. g4 1-0

[Event "Rochefort Master 2018"]
[Site "Palais des Congrès de Rochefort"]
[Date "2018.02.17"]
[Round "4.7"]
[White "Filip, Lucian-Ioan"]
[Black "Martinez Duany, Lelys Stanley"]
[Result "1/2-1/2"]
[WhiteElo "2401"]
[BlackElo "2509"]
[PlyCount "159"]
[EventDate "2018.02.18"]

1. d4 Nf6 2. c4 c5 3. d5 g6 4. Nc3 Bg7 5. e4 d6 6. h3 O-O 7. Nf3 Na6 8. Bd3 Nc7
9. O-O e6 10. dxe6 Nxe6 11. Bc2 b6 12. Ba4 Bb7 13. Re1 a6 14. Qd3 Nd4 15. Nxd4
cxd4 16. Nd5 b5 17. Nxf6+ Bxf6 18. Bb3 bxc4 19. Qxc4 Qe7 20. Bd2 a5 21. Qd3
Rfc8 22. Bc4 Rc5 23. b3 Re8 24. f3 Be5 25. Rf1 Bg7 26. Rae1 h5 27. b4 axb4 28.
Bxb4 Re5 29. Qxd4 Rd5 30. Qxg7+ Kxg7 31. exd5 Qd8 32. Rxe8 Qxe8 33. Bxd6 Qe3+
34. Kh1 Bxd5 35. Bxd5 Qd3 36. Ra1 Qxd5 37. Bg3 h4 38. Bf2 Qd2 39. Kg1 Qb2 40.
Re1 g5 41. a4 Qa2 42. Re4 Kg6 43. Rg4 f5 44. Rd4 Kh5 45. a5 Qxa5 46. Kh1 Qa2
47. Bg1 Kg6 48. Rd6+ Kf7 49. Rd4 Ke6 50. Kh2 Qe2 51. Kh1 Qf1 52. Ra4 Qe1 53.
Rd4 Ke5 54. Ra4 Qe2 55. Ra5+ Ke6 56. Ra4 Kd7 57. Ra7+ Kc6 58. Ra4 Qc2 59. Rd4
Qb3 60. Kh2 Qb8+ 61. Kh1 Qg3 62. Bh2 Qe1+ 63. Bg1 Qe2 64. Kh2 Qf1 65. Ra4 Qe1
66. Kh1 Kb5 67. Rd4 Qe5 68. Bf2 Ka5 69. Bg1 Ka6 70. Ra4+ Kb5 71. Rd4 Kc6 72.
Rc4+ Kd7 73. Rd4+ Ke6 74. Ra4 Qe2 75. Rb4 Ke5 76. f4+ gxf4 77. Rb3 Qe1 78. Rf3
Qd1 79. Kh2 Qe1 80. Bf2 1/2-1/2

[Event "Rochefort Master 2018"]
[Site "Palais des Congrès de Rochefort"]
[Date "2018.02.17"]
[Round "4.8"]
[White "Kurayan, Ruslan"]
[Black "Gabrielian, Artur"]
[Result "1/2-1/2"]
[WhiteElo "2374"]
[BlackElo "2502"]
[PlyCount "31"]
[EventDate "2018.02.18"]
[WhiteTeam "Rouen Echecs"]

1. c4 Nf6 2. Nc3 e5 3. g3 Bb4 4. Bg2 O-O 5. d3 Nc6 6. Bd2 Re8 7. Nf3 Bxc3 8.
Bxc3 e4 9. dxe4 Nxe4 10. Rc1 d6 11. O-O Nxc3 12. Rxc3 Bg4 13. h3 Bf5 14. e3 Qd7
15. Kh2 Be4 16. Nd4 1/2-1/2

[Event "Rochefort Master 2018"]
[Site "Palais des Congrès de Rochefort"]
[Date "2018.02.17"]
[Round "4.9"]
[White "Ikonnikov, Vyacheslav"]
[Black "Giacomini, Hector"]
[Result "1-0"]
[WhiteElo "2532"]
[BlackElo "2203"]
[PlyCount "86"]
[EventDate "2018.02.18"]
[WhiteTeam "L'Echiquier du Rhin Gambsheim"]
[BlackTeam "Echiquier Tourangeau"]

1. d4 d5 2. c4 e6 3. Nf3 Nf6 4. Nc3 Nbd7 5. Bg5 Be7 6. e3 O-O 7. Qc2 c6 8. a3
b6 9. cxd5 cxd5 10. Bd3 Bb7 11. Bf4 a6 12. O-O Rc8 13. Qe2 b5 14. a4 b4 15. Nb1
a5 16. Nbd2 Qb6 17. Nb3 Ne4 18. Bb5 Nb8 19. Bxb8 Rxb8 20. Ne5 Nf6 21. g4 Bd6
22. Rac1 Rbc8 23. f3 h6 24. h4 Rfd8 25. Qd3 Ne8 26. g5 hxg5 27. hxg5 Bxe5 28.
dxe5 Nc7 29. Qd4 Qxd4 30. exd4 Nxb5 31. axb5 Ra8 32. Rc7 Rdb8 33. Rfc1 a4 34.
Nc5 Bc8 35. Nxa4 Bd7 36. g6 Rxa4 37. Rxd7 fxg6 38. Rcc7 Ra2 39. Rxg7+ Kh8 40.
Rh7+ Kg8 41. Rcg7+ Kf8 42. Rxg6 Rxb2 43. Rhg7 Ke8 1-0

[Event "Rochefort Master 2018"]
[Site "Palais des Congrès de Rochefort"]
[Date "2018.02.17"]
[Round "4.10"]
[White "Miron, Lucian-Costin"]
[Black "Sgircea, Silvia-Raluca"]
[Result "1-0"]
[WhiteElo "2489"]
[BlackElo "2193"]
[PlyCount "51"]
[EventDate "2018.02.18"]
[WhiteTeam "Echiquier Medocain"]

1. d4 d5 2. c4 e6 3. Nc3 a6 4. cxd5 exd5 5. Qb3 c6 6. e4 dxe4 7. Bc4 Qe7 8. a4
Nh6 9. Bxh6 gxh6 10. Nge2 Bg7 11. O-O O-O 12. Ng3 Bxd4 13. Ncxe4 Nd7 14. Rad1
Bg7 15. Rfe1 Qe5 16. Nd6 Qxb2 17. Qxb2 Bxb2 18. Nxc8 Raxc8 19. Rxd7 b5 20. Ba2
Kg7 21. Nf5+ Kf6 22. Ne7 Rcd8 23. Rc7 Rd2 24. Rxc6+ Kg5 25. h4+ Kxh4 26. Rc5
1-0

[Event "Rochefort Master 2018"]
[Site "Palais des Congrès de Rochefort"]
[Date "2018.02.17"]
[Round "4.11"]
[White "Collas, Silvia"]
[Black "Maloberti, David"]
[Result "1/2-1/2"]
[WhiteElo "2261"]
[BlackElo "2152"]
[PlyCount "29"]
[EventDate "2018.02.18"]
[WhiteTeam "Echiquier Nimois"]
[BlackTeam "Cercle d'echecs des Sables d'Olonne"]

1. d4 Nf6 2. Bf4 d5 3. e3 e6 4. Nf3 c5 5. c3 Qb6 6. Qb3 c4 7. Qc2 Bd6 8. Nbd2
Bxf4 9. exf4 O-O 10. g3 Nc6 11. Bg2 Qd8 12. Ne5 Nd7 13. O-O f5 14. Nxd7 Bxd7
15. b3 1/2-1/2

[Event "Rochefort Master 2018"]
[Site "Palais des Congrès de Rochefort"]
[Date "2018.02.17"]
[Round "4.12"]
[White "Galunova, Tsveta"]
[Black "Saenz Narciso, Miguel Angel"]
[Result "1-0"]
[WhiteElo "2177"]
[BlackElo "2243"]
[PlyCount "103"]
[EventDate "2018.02.18"]

1. d4 Nf6 2. c4 c5 3. d5 b5 4. cxb5 a6 5. bxa6 g6 6. Nc3 Bxa6 7. e4 Bxf1 8.
Kxf1 d6 9. g3 Bg7 10. Kg2 O-O 11. Nf3 Nbd7 12. a4 Qa5 13. Bd2 Qa6 14. Qc2 Rfc8
15. Nb5 e6 16. dxe6 fxe6 17. Rhe1 d5 18. exd5 exd5 19. Ng5 Rc6 20. Re7 Bf8 21.
Ree1 Kg7 22. Nc7 Qb7 23. Nxa8 Qxa8 24. Ne6+ Kg8 25. Nxf8 Nxf8 26. Re7 Ne6 27.
Qb3 Qf8 28. Qb7 Nd8 29. Qa7 Ne4 30. Be3 Rd6 31. Rxe4 dxe4 32. Qxc5 Qf3+ 33. Kg1
Rd1+ 34. Rxd1 Qxd1+ 35. Kg2 Qf3+ 36. Kg1 Qd1+ 37. Kg2 Qf3+ 38. Kh3 Nf7 39. Qc8+
Kg7 40. Qc3+ Kg8 41. Qc8+ Kg7 42. Qg4 Qh1 43. Bd4+ Kf8 44. Qc8+ Ke7 45. Qc7+
Ke8 46. Bf6 Qf1+ 47. Kh4 g5+ 48. Bxg5 Nxg5 49. Qe5+ Kd7 50. Qd4+ Ke6 51. Kxg5
h6+ 52. Kf4 1-0

[Event "Rochefort Master 2018"]
[Site "Palais des Congrès de Rochefort"]
[Date "2018.02.17"]
[Round "4.15"]
[White "Bat, Bilguun"]
[Black "Solodovnichenko, Yuri"]
[Result "0-1"]
[WhiteElo "1880"]
[BlackElo "2528"]
[PlyCount "58"]
[EventDate "2018.02.18"]
[WhiteTeam "Rouen Echecs"]
[BlackTeam "Vandoeuvre-Echecs"]

1. d4 d6 2. Nf3 g6 3. Nc3 Nf6 4. Bf4 Bg7 5. e4 O-O 6. Bc4 a6 7. Bb3 Nc6 8. O-O
Nh5 9. Bg5 Bg4 10. Ne2 Na5 11. c3 Nxb3 12. Qxb3 Qd7 13. Bh4 Kh8 14. Bg3 f5 15.
Ng5 Bxe2 16. Rfe1 Bd3 17. Nf7+ Rxf7 18. Qxf7 Nxg3 19. hxg3 Rf8 20. Qb3 fxe4 21.
Re3 Bh6 22. f4 g5 23. Qxb7 gxf4 24. gxf4 Bxf4 25. Rxe4 Bxe4 26. Qxe4 d5 27. Qe2
Qd6 28. Rf1 Qh6 29. g4 Qh3 0-1

[Event "Rochefort Master 2018"]
[Site "Palais des Congrès de Rochefort"]
[Date "2018.02.17"]
[Round "4.16"]
[White "Haussernot, Cecile"]
[Black "Stets, Dmitry"]
[Result "0-1"]
[WhiteElo "2146"]
[BlackElo "2398"]
[PlyCount "136"]
[EventDate "2018.02.18"]
[WhiteTeam "Mulhouse Philidor"]
[BlackTeam "Rouen Echecs"]

1. e4 c5 2. Nc3 Nc6 3. Nf3 g6 4. d4 cxd4 5. Nxd4 Bg7 6. Be3 Nf6 7. Bc4 O-O 8.
Bb3 d6 9. f3 Bd7 10. Qd2 Qa5 11. O-O-O Rfc8 12. h4 Ne5 13. g4 b5 14. Nd5 Qxd2+
15. Rxd2 Nxd5 16. Bxd5 Rab8 17. h5 e6 18. Bb3 a5 19. a3 a4 20. Ba2 b4 21. axb4
Rxb4 22. hxg6 hxg6 23. Rf1 a3 24. bxa3 Ra4 25. Bb3 Rxa3 26. Kb2 Nc4+ 27. Bxc4
Rxe3 28. Bb3 Bb5 29. Rff2 Bc4 30. Ka2 Ra8+ 31. Kb2 Rb8 32. Ka2 Bxb3+ 33. cxb3
Bxd4 34. Rxd4 Rbxb3 35. f4 Ra3+ 36. Kb2 Reb3+ 37. Kc2 Ra2+ 38. Kxb3 Rxf2 39. f5
Rf4 40. fxe6 fxe6 41. Kc3 Rxg4 42. Kd3 Rg3+ 43. Ke2 Kf7 44. Rxd6 Kf6 45. Ra6
Ke5 46. Kf2 Rb3 47. Ke2 g5 48. Kf2 g4 49. Ke2 Rb4 50. Kf2 Rxe4 51. Kg3 Kf5 52.
Ra5+ e5 53. Ra3 Rd4 54. Rb3 Rd5 55. Rb8 Rd3+ 56. Kg2 Rf3 57. Rf8+ Ke4 58. Rg8
Kf4 59. Rf8+ Ke3 60. Rg8 Rf4 61. Re8 Rf5 62. Kg3 Rg5 63. Ra8 Ke4 64. Rf8 Rf5
65. Ra8 Rf4 66. Rb8 Kd3 67. Rb3+ Kc4 68. Ra3 Rf3+ 0-1

[Event "Rochefort Master 2018"]
[Site "Palais des Congrès de Rochefort"]
[Date "2018.02.17"]
[Round "5.6"]
[White "Shyam, Sundar M"]
[Black "Enchev, Ivajlo"]
[Result "0-1"]
[WhiteElo "2521"]
[BlackElo "2492"]
[Annotator "chris"]
[PlyCount "110"]
[EventDate "2018.02.18"]

1. e4 e5 2. Nf3 Nf6 3. Nxe5 d6 4. Nf3 Nxe4 5. Qe2 Qe7 6. d3 Nf6 7. Bg5 Nbd7 8.
Nc3 h6 9. Bd2 c6 10. O-O-O Qxe2 11. Bxe2 d5 12. Rde1 Bd6 13. Bd1+ Kd8 14. d4
Re8 15. Rxe8+ Kxe8 16. Ne5 Kf8 17. Re1 Nb6 18. b3 Bf5 19. f3 Re8 20. g4 Bh7 21.
h4 Nfd7 22. f4 Nxe5 23. fxe5 Be7 24. h5 Nd7 25. Bf3 f6 26. exf6 Nxf6 27. Kd1
Kf7 28. Rf1 Kg8 29. Re1 Kf7 30. Rf1 Bd8 31. g5 hxg5 32. Bxg5 Kg8 33. h6 Ng4 34.
Bxg4 Bxg5 35. hxg7 Kxg7 36. Ne2 Bg6 37. Nf4 Bxf4 38. Rxf4 Rh8 39. Be2 Rh2 40.
c4 Rh1+ 41. Kd2 Ra1 42. a4 Ra2+ 43. Ke1 Bc2 44. Rg4+ Kf6 45. Rf4+ Kg6 46. Rg4+
Kf5 47. cxd5 cxd5 48. Rg7 Ke4 49. Rxb7 Ke3 50. Bd1 Ra1 51. Re7+ Kd3 52. Rxa7
Bxb3 53. a5 Bxd1 54. a6 Bb3+ 55. Kf2 Bc4 0-1

[Event "Rochefort Master 2018"]
[Site "Palais des Congrès de Rochefort"]
[Date "2018.02.17"]
[Round "5.7"]
[White "Martinez Duany, Lelys Stanley"]
[Black "Kurayan, Ruslan"]
[Result "1-0"]
[WhiteElo "2509"]
[BlackElo "2374"]
[Annotator "chris"]
[PlyCount "59"]
[EventDate "2018.02.18"]
[BlackTeam "Rouen Echecs"]

1. e4 c5 2. Nc3 Nc6 3. Bb5 Nd4 4. Bc4 g6 5. Nf3 Bg7 6. Nxd4 cxd4 7. Qf3 Nh6 8.
Ne2 O-O 9. d3 Ng4 10. Bb3 d6 11. Qg3 Qa5+ 12. Bd2 Qe5 13. Nf4 Nf6 14. h4 Nh5
15. Nxh5 Qxh5 16. Bg5 Be5 17. f4 Bf6 18. Bxf6 exf6 19. f5 Bxf5 20. exf5 Rae8+
21. Kf1 Qxf5+ 22. Qf2 Qg4 23. Rh3 Re3 24. Rxe3 dxe3 25. Qxf6 d5 26. Bxd5 Qb4
27. Re1 Qd2 28. Bb3 a5 29. Qf3 a4 30. Bxa4 1-0

[Event "Rochefort Master 2018"]
[Site "Palais des Congrès de Rochefort"]
[Date "2018.02.17"]
[Round "5.8"]
[White "Gabrielian, Artur"]
[Black "Filip, Lucian-Ioan"]
[Result "1/2-1/2"]
[WhiteElo "2502"]
[BlackElo "2401"]
[PlyCount "52"]
[EventDate "2018.02.18"]

1. e4 e6 2. d4 d5 3. Nd2 c5 4. Ngf3 cxd4 5. Nxd4 Nc6 6. Bb5 Bd7 7. Nxc6 bxc6 8.
Bd3 Ne7 9. Qe2 Ng6 10. Nf3 Bd6 11. O-O Nf4 12. Bxf4 Bxf4 13. e5 O-O 14. g3 Bh6
15. h4 c5 16. b3 f5 17. exf6 gxf6 18. c4 d4 19. b4 e5 20. Qe4 Rf7 21. Rab1 Rc8
22. b5 Qc7 23. Rfe1 Re8 24. Qd5 Be6 25. Qe4 Bd7 26. Qd5 Be6 1/2-1/2

[Event "Rochefort Master 2018"]
[Site "Palais des Congrès de Rochefort"]
[Date "2018.02.17"]
[Round "5.9"]
[White "Ider, Borya"]
[Black "Galunova, Tsveta"]
[Result "1-0"]
[WhiteElo "2514"]
[BlackElo "2177"]
[PlyCount "81"]
[EventDate "2018.02.18"]
[WhiteTeam "Mulhouse Philidor"]

1. e4 e5 2. Qh5 Nc6 3. Bc4 g6 4. Qf3 Nf6 5. Ne2 Bg7 6. d3 h6 7. Nbc3 d6 8. h3
Nd4 9. Nxd4 exd4 10. Ne2 c5 11. g4 Qe7 12. Nf4 Rb8 13. a4 Bd7 14. Bd2 Bc6 15.
O-O g5 16. Nd5 Nxd5 17. Bxd5 Bxd5 18. exd5 O-O 19. h4 Rbe8 20. Rae1 Qf6 21. Kg2
Qxf3+ 22. Kxf3 Bf6 23. hxg5 Bxg5 24. Bf4 Bxf4 25. Kxf4 Kg7 26. Kf5 a6 27. a5 b6
28. axb6 Rb8 29. Re7 Rxb6 30. b3 a5 31. Rfe1 Rbb8 32. f4 Rfd8 33. Ra7 Re8 34.
Rxe8 Rxe8 35. Rxa5 Re2 36. Ra6 Rxc2 37. Rxd6 Rc3 38. Rd8 Rxb3 39. d6 Rb6 40. d7
Rd6 41. Ke5 1-0

[Event "Rochefort Master 2018"]
[Site "Palais des Congrès de Rochefort"]
[Date "2018.02.17"]
[Round "5.10"]
[White "Solodovnichenko, Yuri"]
[Black "Lagarde, Dimitri"]
[Result "1-0"]
[WhiteElo "2528"]
[BlackElo "2222"]
[PlyCount "53"]
[EventDate "2018.02.18"]
[WhiteTeam "Vandoeuvre-Echecs"]
[BlackTeam "Cannes Echecs"]

1. e4 e5 2. Nf3 Nc6 3. d4 exd4 4. Nxd4 Nf6 5. Nxc6 bxc6 6. e5 Qe7 7. Qe2 Nd5 8.
c4 Nb6 9. Nc3 Ba6 10. b3 Qe6 11. Bb2 O-O-O 12. O-O-O Re8 13. Qd2 Bb7 14. Bd3 d5
15. exd6 Bxd6 16. f4 Qe3 17. g3 h5 18. Qxe3 Rxe3 19. Ne4 c5 20. Rhe1 Rxe1 21.
Nxd6+ cxd6 22. Rxe1 h4 23. g4 d5 24. Bxg7 Rg8 25. Bf6 Kb8 26. g5 Nd7 27. Bc3
1-0

[Event "Rochefort Master 2018"]
[Site "Palais des Congrès de Rochefort"]
[Date "2018.02.17"]
[Round "5.11"]
[White "Rakotomaharo, Fy Antenaina"]
[Black "Selebran, Henri"]
[Result "0-1"]
[WhiteElo "2410"]
[BlackElo "2151"]
[PlyCount "116"]
[EventDate "2018.02.18"]
[WhiteTeam "Clichy-Echecs-92"]
[BlackTeam "LEC Echiquier Limousin"]

1. d4 Nf6 2. c4 e6 3. Nc3 Bb4 4. e3 b6 5. Bd3 Bb7 6. Nf3 O-O 7. O-O d5 8. cxd5
exd5 9. Ne5 Bd6 10. b3 a6 11. Bb2 Qe7 12. Ne2 Nbd7 13. f4 Ne4 14. Bxe4 dxe4 15.
Ng3 f5 16. Rc1 Qe6 17. d5 Qe7 18. Nc6 Bxc6 19. Rxc6 Nc5 20. Ba3 a5 21. Ne2 Qf7
22. Nc3 Rfd8 23. Nb5 a4 24. bxa4 Rd7 25. Nxd6 Rxd6 26. Bxc5 Rxc6 27. dxc6 bxc5
28. Qd7 Qxd7 29. cxd7 Rd8 30. Rd1 Kf7 31. Rd5 Ke6 32. Re5+ Kf6 33. Rxc5 Rxd7
34. Rc6+ Kf7 35. g4 g6 36. gxf5 gxf5 37. Kf2 Rd3 38. Rxc7+ Kg6 39. Rc6+ Kh5 40.
h3 Rd2+ 41. Kg3 Rd3 42. Kf2 Rd2+ 43. Ke1 Rxa2 44. Rf6 Kh4 45. Rxf5 Kg3 46. Ra5
Kf3 47. f5 Kxe3 48. Kd1 Rd2+ 49. Ke1 Rh2 50. Kd1 Rxh3 51. Rb5 Rh1+ 52. Kc2 Rh6
53. a5 Rf6 54. Kd1 Kf3 55. Rb7 h5 56. Rb3+ e3 57. Ra3 Kf2 58. Ra2+ Kf1 0-1

[Event "Rochefort Master 2018"]
[Site "Palais des Congrès de Rochefort"]
[Date "2018.02.17"]
[Round "5.12"]
[White "Stets, Dmitry"]
[Black "Jaksland, Tim"]
[Result "1-0"]
[WhiteElo "2398"]
[BlackElo "2205"]
[Annotator "chris"]
[PlyCount "46"]
[EventDate "2018.02.18"]
[WhiteTeam "Rouen Echecs"]

1. e4 c5 2. Nf3 e6 3. d3 Nc6 4. g3 d5 5. Nbd2 Bd6 6. Bg2 Nge7 7. O-O O-O 8. Nh4
d4 9. f4 f6 10. Kh1 Rb8 11. Ndf3 e5 12. Rg1 Qc7 13. f5 Kh8 14. g4 Bd7 15. g5
Ng8 16. Qe1 Be8 17. Qg3 Be7 18. Bf1 b5 19. Qh3 fxg5 20. Nxg5 Bxg5 21. Bxg5 Nf6
22. Ng6+ Bxg6 23. fxg6 Ne7 1-0

[Event "Rochefort Master 2018"]
[Site "Palais des Congrès de Rochefort"]
[Date "2018.02.17"]
[Round "5.13"]
[White "Ringuet, Noe"]
[Black "Collas, Silvia"]
[Result "0-1"]
[WhiteElo "2213"]
[BlackElo "2261"]
[Annotator "chris"]
[PlyCount "88"]
[EventDate "2018.02.18"]
[WhiteTeam "Echiquier de Picardie Maritime"]
[BlackTeam "Echiquier Nimois"]

1. f4 c5 2. Nf3 Nc6 3. b3 Nf6 4. Bb2 e6 5. e3 b6 6. Be2 Bb7 7. O-O Be7 8. Qe1
Qc7 9. Qg3 Rg8 10. Qh3 h6 11. Na3 a6 12. Nc4 b5 13. Nce5 d6 14. Ng4 Nxg4 15.
Qxg4 Nb4 16. f5 e5 17. c4 bxc4 18. bxc4 Bf6 19. a3 Nc6 20. d4 h5 21. Qxh5 exd4
22. exd4 cxd4 23. Rab1 O-O-O 24. Qg4 Qe7 25. Rfe1 Qe3+ 26. Kh1 Rh8 27. Bf1 Qh6
28. h3 Ne5 29. Nxe5 dxe5 30. Kg1 e4 31. Bc1 Qh4 32. Qd1 e3 33. Rxb7 Qf2+ 34.
Kh1 Kxb7 35. Re2 Qg3 36. Rb2+ Ka7 37. Qb3 Rb8 38. Qa4 Rxb2 39. Bxb2 Rd8 40. Qa5
Be5 41. Bxd4+ Rxd4 42. Qc5+ Kb7 43. Qe7+ Bc7 44. Qb4+ Kc8 0-1

[Event "Rochefort Master 2018"]
[Site "Palais des Congrès de Rochefort"]
[Date "2018.02.17"]
[Round "5.14"]
[White "Maloberti, David"]
[Black "Le Marec, Simon"]
[Result "1/2-1/2"]
[WhiteElo "2152"]
[BlackElo "2237"]
[PlyCount "95"]
[EventDate "2018.02.18"]
[WhiteTeam "Cercle d'echecs des Sables d'Olonne"]
[BlackTeam "Echiquier Guingampais"]

1. d4 d5 2. Bf4 Nf6 3. Nf3 c5 4. e3 Nc6 5. Bb5 Qb6 6. Nc3 Bg4 7. dxc5 Qxc5 8.
O-O e6 9. h3 Bh5 10. g4 Bg6 11. Ne5 Ne4 12. Qd4 Nxc3 13. Qxc5 Bxc5 14. bxc3 Rc8
15. Nxg6 hxg6 16. Kg2 a6 17. Bd3 Ke7 18. e4 Rhd8 19. exd5 Rxd5 20. Be4 Rd7 21.
Rfd1 Bd6 22. Bg5+ Ke8 23. Rab1 Na5 24. Rd3 b5 25. Rbd1 Nc4 26. Bc1 Ke7 27. f4
Rdc7 28. f5 gxf5 29. gxf5 Ba3 30. fxe6 Bxc1 31. Rxc1 fxe6 32. Rg3 Kf8 33. Rf1+
Kg8 34. Re1 Rd8 35. Bd3 Rd6 36. Rg6 Rcc6 37. Kh2 Nd2 38. Re2 Nb1 39. Reg2 Rc7
40. Re2 Rcc6 41. Reg2 Rd7 42. Re2 Re7 43. Bf5 Kf7 44. Reg2 Nxc3 45. Rxg7+ Kf6
46. R2g6+ Kxf5 47. Rg5+ Kf6 48. R5g6+ 1/2-1/2

[Event "Rochefort Master 2018"]
[Site "Palais des Congrès de Rochefort"]
[Date "2018.02.17"]
[Round "5.15"]
[White "Youssoupov, Moisse"]
[Black "Bartakke, Amardeep S"]
[Result "0-1"]
[WhiteElo "2231"]
[BlackElo "2078"]
[PlyCount "60"]
[EventDate "2018.02.18"]
[WhiteTeam "La Tour de Caylus"]

1. d4 c5 2. d5 e5 3. Nc3 d6 4. e4 Be7 5. Be2 Bg5 6. Nf3 Bxc1 7. Qxc1 Ne7 8. Qg5
O-O 9. g3 Na6 10. Nh4 Nc7 11. f4 f6 12. Qh5 exf4 13. gxf4 f5 14. O-O-O fxe4 15.
Nxe4 Rxf4 16. Bd3 Nf5 17. Nxf5 Rxf5 18. Qe2 Re5 19. Rhg1 Bf5 20. Qg2 g6 21. Ng5
Bxd3 22. Rxd3 Qe7 23. h4 Re8 24. Rdd1 Qf6 25. Kb1 Qf5 26. Rdf1 Nxd5 27. a3 Qd7
28. Rf7 Qb5 29. Nxh7 Re1+ 30. Ka2 Nc3+ 0-1

[Event "Rochefort Master 2018"]
[Site "Palais des Congrès de Rochefort"]
[Date "2018.02.17"]
[Round "6.6"]
[White "Collas, Silvia"]
[Black "Solodovnichenko, Yuri"]
[Result "0-1"]
[WhiteElo "2261"]
[BlackElo "2528"]
[PlyCount "66"]
[EventDate "2018.02.22"]
[WhiteTeam "Echiquier Nimois"]
[BlackTeam "Vandoeuvre-Echecs"]

1. d4 Nf6 2. Bf4 c5 3. e3 d5 4. Nf3 Nc6 5. Nbd2 cxd4 6. exd4 Bf5 7. c3 e6 8.
Qb3 Qc8 9. Nh4 Be4 10. f3 Bg6 11. Nxg6 hxg6 12. g4 Qd7 13. O-O-O a6 14. h4 b5
15. Bd3 Bd6 16. Be3 Na5 17. Qc2 Nc4 18. Nxc4 bxc4 19. Bf1 Rb8 20. Kb1 Ke7 21.
Bc1 Qc7 22. Qd2 a5 23. Ka1 a4 24. Bg2 Rb5 25. Qc2 a3 26. bxa3 Rhb8 27. Bg5 Bxa3
28. Bc1 Bd6 29. Bg5 Qa5 30. Rb1 Rb3 31. Bd2 Qa4 32. Rbe1 Ba3 33. Bc1 Rb2 0-1

[Event "Rochefort Master 2018"]
[Site "Palais des Congrès de Rochefort"]
[Date "2018.02.17"]
[Round "6.8"]
[White "Bartakke, Amardeep S"]
[Black "Gabrielian, Artur"]
[Result "0-1"]
[WhiteElo "2078"]
[BlackElo "2502"]
[PlyCount "61"]
[EventDate "2018.02.22"]

1. e4 c5 2. Nf3 d6 3. c3 Nf6 4. h3 g6 5. Bd3 Bg7 6. Bc2 O-O 7. O-O e5 8. d4
cxd4 9. cxd4 exd4 10. Nxd4 d5 11. exd5 Nxd5 12. Bb3 Nc6 13. Nb5 a6 14. N1c3
axb5 15. Nxd5 Be6 16. Be3 Bxb2 17. Rb1 Be5 18. Qf3 Qh4 19. Rbd1 Rad8 20. Rd2
Kg7 21. Rfd1 Rfe8 22. Bb6 Rd7 23. Nf6 Bxf6 24. Rxd7 Bxd7 25. Rxd7 Re1+ 26. Kh2
Ne5 27. Rxf7+ Nxf7 28. Qd5 Nh6 29. Qd7+ Re7 30. Qc8 Bd4 31. Bd8 0-1

[Event "Rochefort Master 2018"]
[Site "Palais des Congrès de Rochefort"]
[Date "2018.02.17"]
[Round "6.9"]
[White "Miron, Lucian-Costin"]
[Black "Stets, Dmitry"]
[Result "0-1"]
[WhiteElo "2489"]
[BlackElo "2398"]
[Annotator "chris"]
[PlyCount "128"]
[EventDate "2018.02.22"]
[WhiteTeam "Echiquier Medocain"]
[BlackTeam "Rouen Echecs"]

1. d4 Nf6 2. c4 g6 3. Nc3 Bg7 4. e4 d6 5. Nf3 O-O 6. Be2 e5 7. O-O Nc6 8. d5
Ne7 9. b4 Nh5 10. g3 f5 11. Ng5 Nf6 12. Bf3 a5 13. b5 f4 14. c5 dxc5 15. Qb3
Kh8 16. Bb2 Ne8 17. gxf4 Ng8 18. Ne6 Bxe6 19. dxe6 Nd6 20. Ne2 a4 21. Qd3 c4
22. Qe3 Nxb5 23. Bxe5 Bxe5 24. fxe5 Qd3 25. Nf4 Qxe3 26. fxe3 c6 27. Rac1 c3
28. Be2 Rac8 29. Bxb5 cxb5 30. Nd5 Rfe8 31. Rxc3 Rxc3 32. Nxc3 Rxe6 33. Nxb5
Ne7 34. Nd6 Kg8 35. Nxb7 Rxe5 36. Nd6 Re6 37. Rd1 Nc6 38. a3 Ne5 39. Kg2 Ng4
40. Kf3 Nxh2+ 41. Kf4 Rf6+ 42. Kg5 Rf8 43. Rd5 Kg7 44. e5 h6+ 45. Kh4 Rf3 46.
Ne8+ Kf7 47. Nd6+ Ke6 48. e4 Rxa3 49. Nb5 Nf3+ 50. Kg3 Rb3 51. Nc7+ Ke7 52. Kf4
g5+ 53. Kg4 a3 54. Ra5 Kd7 55. Na6 Rc3 56. Nc5+ Kd8 57. Ne6+ Ke7 58. Ng7 Kf7
59. Ra7+ Kg6 60. Kg3 Nxe5+ 61. Kg2 Rc2+ 62. Kg3 Nc6 63. Ra8 a2 64. Ne8 Rc3+ 0-1

[Event "Rochefort Master 2018"]
[Site "Palais des Congrès de Rochefort"]
[Date "2018.02.17"]
[Round "6.10"]
[White "Demchenko, Anton"]
[Black "Maloberti, David"]
[Result "1-0"]
[WhiteElo "2671"]
[BlackElo "2152"]
[PlyCount "59"]
[EventDate "2018.02.22"]
[BlackTeam "Cercle d'echecs des Sables d'Olonne"]

1. e4 e6 2. d4 d5 3. Nd2 Nf6 4. e5 Nfd7 5. c3 b6 6. f4 c5 7. Ndf3 Nc6 8. Bd3
cxd4 9. cxd4 Nb4 10. Bb1 Be7 11. Ne2 Ba6 12. O-O g6 13. Rf2 b5 14. Be3 Nb6 15.
b3 Rc8 16. a3 Nc6 17. Bd3 Nb8 18. Bd2 Qd7 19. h3 b4 20. Bxb4 Bxb4 21. axb4 Bxd3
22. Qxd3 O-O 23. Nh2 h5 24. g4 hxg4 25. hxg4 Nc6 26. f5 exf5 27. gxf5 Nxb4 28.
Qd2 Nc6 29. Ng4 Qd8 30. f6 1-0

[Event "Rochefort Master 2018"]
[Site "Palais des Congrès de Rochefort"]
[Date "2018.02.17"]
[Round "6.11"]
[White "Sgircea, Silvia-Raluca"]
[Black "Shyam, Sundar M"]
[Result "0-1"]
[WhiteElo "2193"]
[BlackElo "2521"]
[Annotator "chris"]
[PlyCount "117"]
[EventDate "2018.02.22"]

1. Nf3 d5 2. g3 Bg4 3. Bg2 Nd7 4. c4 e6 5. cxd5 exd5 6. O-O Ngf6 7. d3 Bd6 8.
h3 Bxf3 9. Bxf3 O-O 10. Nc3 c6 11. e4 dxe4 12. dxe4 Ne5 13. Be2 Bc5 14. Kg2
Qxd1 15. Rxd1 Rfd8 16. Bg5 h6 17. Bf4 Ng6 18. Bc7 Rd4 19. g4 Re8 20. f3 Nh4+
21. Kg3 g5 22. Rxd4 Bxd4 23. Rd1 Be5+ 24. Bxe5 Rxe5 25. Bc4 Re7 26. Ne2 Rd7 27.
Rxd7 Nxd7 28. Nd4 Kf8 29. Nf5 Nxf5+ 30. gxf5 Ke7 31. f4 f6 32. h4 gxf4+ 33.
Kxf4 Ne5 34. Be2 Kd6 35. Ke3 Kc5 36. Bf1 a5 37. Be2 b5 38. a3 b4 39. Bf1 Nd7
40. Be2 Kd6 41. axb4 axb4 42. Kd4 Nb6 43. b3 c5+ 44. Ke3 Ke5 45. Bd3 Nc8 46.
Bf1 Na7 47. Be2 Nc6 48. Bd3 Na5 49. Bc2 c4 50. bxc4 Nxc4+ 51. Kd3 Nd6 52. Ke3
Nb5 53. Kd3 Nd4 54. Bb1 b3 55. Kc3 Nf3 56. Bd3 Nxh4 57. Kxb3 Kd4 58. Kc2 Nf3
59. Bf1 0-1